000
00339nam a22001457a 4500
008
210609b ||||| |||| 00| 0 eng d
020
_a
9780761924531
041
_a
eng
080
_a
159.9
082
_a
159.9
100
_a
48
101
_a
PSI
245
_a
Attitudes and Related Psychosocial Constructs
_c
Aiken,L.R
942
_2
udc
_c
BK
999
_c
58078
_d
58078